000
00277nam a2200133Ia 4500
100
_a
Tayal/ D.G
942
_c
BK
654
_a
nuclear
245
_a
Nuclear Physics
260
_b
Himalaya pub.house
_a
Bombay
_c
1992
082
_a
539
_b
TNY
300
_a
679
546
_a
ENGLISH
999
_c
25388
_d
25388